| 000 | 01249nam a2200325 a 4500 | ||
|---|---|---|---|
| 001 | 000110981 | ||
| 003 | CHAP | ||
| 005 | 20220329144153.0 | ||
| 008 | 141104s2014 mx a |sm |||||||spa d | ||
| 010 | _a107443 | ||
| 011 | _a108415 | ||
| 040 | _cCHAP | ||
| 090 | _aTesis | ||
| 100 | 1 |
_aCruz Méndez, Diana Karina de la _9128758 |
|
| 245 | 1 | 0 |
_aCobertura de aspersión proporcionada por la boquilla TT-11004 en suelos cubiertos con diferentes cantidades de paja de trigo _h[En línea] _cpor Diana Karina de la Cruz Méndez. |
| 260 |
_aChapingo, Méx. : _bEl autor, _c2014. |
||
| 500 | _aPara ver el contenido del material haga clic en la liga | ||
| 502 | _aTesis (Ing. Agr. Esp. en Parasitología Agrícola) -- UACH. Departamento de Parasitología Agrícola | ||
| 590 |
_aBATCH-UPD _b05 _c20141104 _lUCH01 _h1158 |
||
| 590 |
_aE11695DGD _b10 _c20141112 _lUCH01 _h1135 |
||
| 590 |
_aE5652GLJ _b05 _c20141104 _lUCH01 _h1157 |
||
| 590 |
_aE5652GLJ _b05 _c20141104 _lUCH01 _h1157 |
||
| 650 | 1 | 4 |
_aBoquillas aspersoras. _9115133 |
| 650 | 1 | 4 |
_aHerbicidas _xAplicación. _953692 |
| 650 | 1 | 4 |
_aImplementos agrícolas. _957480 |
| 856 |
_aFinding aid _uhttp://10.13.5.2/tesis/sist110981.pdf _zTeclea aquí |
||
| 901 | _aBK | ||
| 942 | _cTESIS | ||
| 942 | _n0 | ||
| 999 |
_c107443 _d107443 |
||